Normal view
MARC view
- Ewart, J. M.
Entry Personal Name
001 - CONTROL NUMBER
- control field: 5407
003 - CONTROL NUMBER IDENTIFIER
- control field: NUST
005 - DATE AND TIME OF LATEST TRANSACTION
- control field: 20171012150344.0
008 - FIXED-LENGTH DATA ELEMENTS
- fixed length control field: 171012|| aca||aabn | a|a d
040 ## - CATALOGING SOURCE
- Original cataloging agency: NUST
- Transcribing agency: NUST
100 ## - HEADING--PERSONAL NAME
- Personal name: Ewart, J. M.
670 ## - SOURCE DATA FOUND
- Source citation: Work cat.: (NUST)0: Ewart, J. M., Story of the North West Frontier Province, 1930.
